|
|
|
|
| LEADER |
00723nam a2200241 i 4500 |
| 001 |
000204696 |
| 003 |
CZ BrMZK |
| 005 |
20160601150049.0 |
| 007 |
ta |
| 008 |
010907s1979 gw f 000 0 cze d |
| 040 |
|
|
|a BOA001
|b cze
|e rda
|
| 080 |
|
|
|a 885.0-14
|2 MRF
|
| 100 |
1 |
|
|a Kučera, Milan,
|d 1947-
|7 jk01070571
|4 aut
|
| 245 |
1 |
0 |
|a Zahrada noci :
|b (verše) /
|c Milan Kučera
|
| 264 |
|
1 |
|a München :
|b Poezie mimo Domov,
|c 1979
|
| 300 |
|
|
|a 22 stran
|
| 336 |
|
|
|a text
|b txt
|2 rdacontent
|
| 337 |
|
|
|a bez média
|b n
|2 rdamedia
|
| 338 |
|
|
|a svazek
|b nc
|2 rdacarrier
|
| 910 |
|
|
|a BOA001
|b X-0952.021
|
| 990 |
|
|
|a BK
|
| 991 |
|
|
|b 201605
|
| 996 |
6 |
|
|b 2619940705
|c X-0952.021
|l MZK
|r Sklad / do 24 hodin
|n 0
|w 000204696
|u 000010
|a 1
|e BOA001
|j MZK50
|s P
|